[Event "Mumbai Wealth op U13 4th"]
[Site "Mumbai"]
[Date "2018.12.31"]
[Round "2"]
[White "Krutika, Kalicharan Shirodka"]
[Black "Shah, Viraj Bhaveshu"]
[Result "0-1"]
[WhiteElo "1035"]
[BlackElo "1119"]
[PlyCount "70"]
[EventDate "2018.12.30"]
[EventType "swiss"]
[EventRounds "9"]
[EventCountry "IND"]
[SourceTitle "CBM 188 Extra"]
[Source "ChessBase"]
[SourceDate "2019.02.26"]
[SourceVersion "1"]
[SourceVersionDate "2019.02.26"]
[SourceQuality "1"]

1. e4 e5 2. Nf3 Nc6 3. d4 exd4 4. Bc4 h6 5. 0-0 Bc5 6. c3 dxc3 7. Bxf7+ Kxf7 8. Qd5+ Ke8 9. Qh5+ Kf8 10. Qxc5+ d6 11. Qxc3 Nf6 12. Re1 Kf7 13. Bf4 Re8 14. Nbd2 Kf8 15. Qb3 Rb8 16. Nh4 Be6 17. Ng6+ Kf7 18. Qg3 Nh5 19. Qf3 Kxg6 20. Re3 Nd4 21. Qd1 Nxf4 22. Rg3+ Kh7 23. Kh1 Rf8 24. Nf3 Nde2 25. Rxg7+ Kxg7 26. Nd4 Nxd4 27. Qxd4+ Qf6 28. Qxa7 Qxb2 29. Rf1 Bc4 30. Rd1 Nd3 31. f3 Nf2+ 32. Kg1 Nxd1 33. a4 Ra8 34. Qxa8 Qf2+ 35. Kh1 Qf1# 0-1